| 000 | 00583nam a2200157 4500 | ||
|---|---|---|---|
| 008 | 040224s1961 miu b 000 0beng | ||
| 090 |
_aBT430 _bSt1t |
||
| 100 | 1 |
_aStalker, James, _d1848-1927. |
|
| 245 | 1 | 4 |
_aThe trial and death of Jesus Christ : _ba devotional history of Our Lord's passion. |
| 260 |
_aGrand Rapids : _bZondervan Pub. House, _c[1961] |
||
| 300 |
_a185 p. : _c21 cm. |
||
| 504 | _aIncludes bibliographical references. | ||
| 600 | 1 | 4 |
_aJesus Christ _xCrucifixion. |
| 600 | 1 | 4 |
_aJesus Christ _xTrial. |
| 951 |
_p5624 _x00006963 _oBT430/St1t _j070613111343062 _d2000-12-21 _cGC |
||
| 999 |
_c19277 _d19277 |
||